000 00340nam a2200145Ia 4500
008 230718s9999 xx 000 0 und d
041 _aEng.
082 _a29763
_bSCH-A
100 _aSchimmel, Annemarie
245 4 _aAnd Muhammad is this
260 _aPakistan
_bSangemeel Ruthie
_c2003
300 _a377
650 _aLaw
999 _c26649
_d26649